000 00314nam a22001337a 4500
999 _c9286
_d9286
003 OSt
008 201120b ||||| |||| 00| 0 eng d
100 _aCabot,Meg
245 _aPrincess Diaries
260 _aNew Delhi
_bMacmillan Publishers
_c2015
300 _a195
650 _aB.A Hons. English
942 _2ddc
_cBK